| 000 | 00455nam a2200181Ia 4500 | ||
|---|---|---|---|
| 005 | 20250508160456.0 | ||
| 008 | 008 250505s9999 xx 000 0 eng d | ||
| 037 | _aTextual | ||
| 040 |
_aFEDL _beng _cFEDL |
||
| 041 |
_aeng _2eng |
||
| 084 |
_aB, GIR _qFEDL |
||
| 100 | _aBhargava G S | ||
| 245 | 0 | _aV V Giri | |
| 260 |
_aBombay, India _bPopular Prakashan _c1969 |
||
| 300 | _a122p | ||
| 942 |
_cTEXL _hB, GIR |
||
| 999 |
_c1364846 _d1364846 |
||